Missing Word: #1 Hits of 1976 Quiz Stats

 Plays Quiz Updated Jan 1, 2016

Challenge
Share
Tweet
Embed
Score 0/18 Timer 03:00
0 Plays Today
#1 Hit Song Missing Word % Correct
Don't Go _____ My HeartBreaking
94.6%
Play That _____ MusicFunky
94.1%
50 Ways to _____ Your LoverLeave
89.5%
(Shake, Shake, Shake) Shake Your _____Booty
87.6%
Afternoon _____Delight
86.8%
If You Leave Me _____Now
85.1%
I _____ the SongsWrite
84.4%
Silly Love _____Songs
76.1%
Kiss and Say _____Goodbye
74%
#1 Hit Song Missing Word % Correct
Tonight's the Night (Gonna Be _____)Alright
70.9%
_____, 1963 (Oh, What a Night)December
69.3%
You Should Be _____Dancing
68.5%
_____ DuckDisco
64.2%
Welcome _____Back
63.7%
_____ RollercoasterLove
61.3%
_____ NightSaturday
58%
Let Your Love _____Flow
57.6%
Boogie _____Fever
36.3%

Today's Daily Dose

You're not logged in!

Compare scores with friends on all Sporcle quizzes.
OR
Log In

You Might Also Like...

Show Comments

Extras

Top Quizzes Today


Score Distribution

Your Account Isn't Verified!

In order to create a playlist on Sporcle, you need to verify the email address you used during registration. Go to your Sporcle Settings to finish the process.

Report this User

Report this user for behavior that violates our Community Guidelines.

Details: